000 01052nam a2200289Ia 4500
003 OSt
005 20221005105522.0
006 a|||||r|||| 00| 0
007 ta
008 221004b |||||||| |||| 00| 0 hin d
020 _a9788126707836 (pbk)
_cIndian Rupees 150
024 _a33726
037 _bGift, 26/09/2017,
_cTextual
040 _aCRL
_cCRL
_bhin
041 _2hin
_ahin
082 _aO152,8N50x, Q5
100 _aनागर, विष्णु, ले.
245 0 _aईश्वर की कहानियॉं
246 _aĪshvar kī kahāniyaॉan
250 _a5वॉं संस्करण
260 _aनई दिल्ली
_bराजकमल पेपरबैक्स भारत
_c2015
300 _a159पृ0
_ccm.
650 _a हिन्दी साहित्य
650 _aहिन्दी हास्य व्यग्ंय
942 _hO152,8N50x, Q5
_cTEXL
_2cc
999 _c1016065
_d1016065